El mito de la autenticidad
Uloženo v:
| Hlavní autor: | |
|---|---|
| Médium: | Kniha |
| Jazyk: | španělština |
| Vydáno: |
Santiago
Universitaria
1968
|
| Témata: | |
| Tagy: |
Přidat tag
Žádné tagy, Buďte první, kdo vytvoří štítek k tomuto záznamu!
|
MARC
| LEADER | 00000nam a2200000 a 4500 | ||
|---|---|---|---|
| 001 | UCY8210 | ||
| 003 | CL-VaPUC | ||
| 008 | 950703e19680000CL |||||||||||||||||spa|d | ||
| 082 | 0 | 4 | |a 128 |b GIA |2 21 |
| 100 | |a Giannini Iñiguez, Humberto |e autor |9 582349 | ||
| 245 | 1 | 3 | |a El mito de la autenticidad |
| 300 | |a 196 p | ||
| 942 | |c BK | ||
| 945 | |d 19950703 00:00:00 |a aalvarez | ||
| 260 | |a Santiago |b Universitaria |c 1968 | ||
| 650 | 0 | |a Autenticidad |9 339453 | |
| 650 | 0 | |a Filosofía |9 223554 | |
| 650 | 0 | |a Antropología filosófica |9 265842 | |
| 583 | |a last modification |c 19950703 00:00:00 |k Rodrigo Vera | ||
| 999 | |c 235487 |d 235485 | ||
| 952 | |0 0 |1 0 |4 0 |6 128_000000000000000_GIA_1968 |7 0 |8 A |9 242941 |a BIBEDU |b BIBEDU |d 2019-11-18 |i 3097633 |l 1 |o 128 GIA 1968 |p 3097633 |r 2023-05-22 |s 2023-05-12 |w 2019-11-18 |y BK |k FIL | ||